| 000 | 00567nam a22001937a 4500 | ||
|---|---|---|---|
| 003 | ASAB | ||
| 005 | 20180827062634.0 | ||
| 008 | 160603t xxu||||| |||| 00| 0 eng d | ||
| 020 | _a0-340-88562-9 | ||
| 040 | _cASAB | ||
| 082 | _a579 | ||
| 245 |
_aTopley and wilson's Microbiology and Microbial Infections Virology Volume 2 _cEdited by: Brian W.J. Mahy & Volker Ter Meulen |
||
| 250 | _a10th Edition | ||
| 260 |
_aUK _bEdward Arnold Publishers Ltd _c2005 |
||
| 300 | _axxvi, 1765 P | ||
| 440 |
_vVolume 2 _94077 |
||
| 630 |
_aVirology _94078 |
||
| 942 |
_2ddc _cBK |
||
| 999 |
_c480098 _d480098 |
||